{"text_format":"3","workbook":"xlsx","n_sheets":1,"sheets":["日用品询价清单"],"read":"whole","date_system":"1900"}

{"sheet":"日用品询价清单","index":0,"n_rows":141,"n_cols":6,"rows_kept":141,"merged":[[0,0,0,5]]}
["日用品询价清单"]
["物品名称","物品规格","单\n位","数量","单价（元）","总费用（元）"]
["洗手液","蓝月亮500G","瓶",2505,{"v":10.5,"d":"10.50"},{"$f":"D3*E3","v":{"v":26302.5,"d":"26,302.50"}}]
["卫生纸","节节爱150克J-0619","卷",640,{"v":15,"d":"15.00"},{"$f":"D4*E4","v":{"v":9600,"d":"9,600.00"}}]
["卫生纸","心相印1830","袋",72,{"v":23,"d":"23.00"},{"v":1656,"d":"1,656.00"}]
["生活垃圾桶","80L","个",1,{"v":88,"d":"88.00"},{"v":88,"d":"88.00"}]
["抽纸","亿柔","提",410,{"v":15,"d":"15.00"},{"v":6150,"d":"6,150.00"}]
["抽纸","心相印pt3200","包",1224,{"v":4.2,"d":"4.20"},{"v":5140.8,"d":"5,140.80"}]
["储物箱","8827康之好","个",6,{"v":8,"d":"8.00"},{"v":48,"d":"48.00"}]
["储物箱","8828康之好","个",10,{"v":10,"d":"10.00"},{"v":100,"d":"100.00"}]
["储物箱","8829康之好","个",1,{"v":12,"d":"12.00"},{"v":12,"d":"12.00"}]
["储物箱","8830康之好","个",10,{"v":20,"d":"20.00"},{"v":200,"d":"200.00"}]
["储物箱","8831康之好","个",1,{"v":26,"d":"26.00"},{"v":26,"d":"26.00"}]
["储物箱","8832康之好","个",11,{"v":30,"d":"30.00"},{"v":330,"d":"330.00"}]
["储物箱","8834康之好","个",6,{"v":40,"d":"40.00"},{"v":240,"d":"240.00"}]
["储物箱","8836康之好","个",4,{"v":55,"d":"55.00"},{"v":220,"d":"220.00"}]
["储物箱","8837康之好","个",2,{"v":60,"d":"60.00"},{"v":120,"d":"120.00"}]
["储物箱","8838康之好","个",21,{"v":90,"d":"90.00"},{"v":1890,"d":"1,890.00"}]
["储物箱",8933,"个",3,{"v":35,"d":"35.00"},{"v":105,"d":"105.00"}]
["储物箱","905蓝色","个",2,{"v":38,"d":"38.00"},{"v":76,"d":"76.00"}]
["盘纸","亿柔1170节/卷","卷",624,{"v":9,"d":"9.00"},{"$f":"D21*E21","v":{"v":5616,"d":"5,616.00"}}]
["垃圾袋","30个/卷 顺荣0045","卷",3380,{"v":1.5,"d":"1.50"},{"v":5070,"d":"5,070.00"}]
["锐器盒","1L","个",1800,{"v":1.3,"d":"1.30"},{"v":2340,"d":"2,340.00"}]
["锐器盒","2L","个",8750,{"v":1.7,"d":"1.70"},{"v":14875,"d":"14,875.00"}]
["锐器盒","4L","个",6380,{"v":2.6,"d":"2.60"},{"v":16588,"d":"16,588.00"}]
["锐器盒","8L","个",400,{"v":6.5,"d":"6.50"},{"v":2600,"d":"2,600.00"}]
["医疗废物垃圾桶","30L","个",6,{"v":35,"d":"35.00"},{"v":210,"d":"210.00"}]
["医疗废物垃圾桶","10L","个",3,{"v":18,"d":"18.00"},{"v":54,"d":"54.00"}]
["随手泡","九阳1.5L","个",31,{"v":85,"d":"85.00"},{"v":2635,"d":"2,635.00"}]
["贴勾","百叶顺","个",336,{"v":1.5,"d":"1.50"},{"v":504,"d":"504.00"}]
["保鲜膜","30cm*30cm","卷",2,{"v":5,"d":"5.00"},{"v":10,"d":"10.00"}]
["壁扇","美的FM40-11","台",9,{"v":185,"d":"185.00"},{"v":1665,"d":"1,665.00"}]
["别针","大号4.5cm","只",500,{"v":0.1,"d":"0.10"},{"v":50,"d":"50.00"}]
["U型锁","卫星","把",2,{"v":26,"d":"26.00"},{"v":52,"d":"52.00"}]
["冰箱温度计","HTC-2","个",4,{"v":25,"d":"25.00"},{"v":100,"d":"100.00"}]
["不锈钢碗","28公分","个",5,{"v":13,"d":"13.00"},{"v":65,"d":"65.00"}]
["不锈钢碗","20公分","个",6,{"v":11,"d":"11.00"},{"v":66,"d":"66.00"}]
["不锈钢袜架","三点旭20夹","个",5,{"v":15,"d":"15.00"},{"$f":"D38*E38","v":{"v":75,"d":"75.00"}}]
["不锈钢衣叉","英雄717","个",21,{"v":10,"d":"10.00"},{"v":210,"d":"210.00"}]
["草席","19cm*90cm","床",28,{"v":33,"d":"33.00"},{"v":924,"d":"924.00"}]
["抽水器","塑料手动","个",4,{"v":10,"d":"10.00"},{"v":40,"d":"40.00"}]
["抽屉锁","将鹰","把",84,{"v":6,"d":"6.00"},{"v":504,"d":"504.00"}]
["厨房纸巾","心相印KT102","包",40,{"v":10,"d":"10.00"},{"v":400,"d":"400.00"}]
["储物盒","A6群荣","个",23,{"v":5,"d":"5.00"},{"v":115,"d":"115.00"}]
["储物盒","A5群荣","个",95,{"v":6,"d":"6.00"},{"v":570,"d":"570.00"}]
["储物盒","A4群荣","个",92,{"v":7,"d":"7.00"},{"v":644,"d":"644.00"}]
["床上用品","四件套1.5*2m","套",1,{"v":215,"d":"215.00"},{"v":215,"d":"215.00"}]
["床上用品","四件套1.8*2m","套",6,{"v":245,"d":"245.00"},{"v":1470,"d":"1,470.00"}]
["床上用品","三件套定制","套",4,{"v":180,"d":"180.00"},{"v":720,"d":"720.00"}]
["电子称","万杰  150公斤","台",1,{"v":180,"d":"180.00"},{"v":180,"d":"180.00"}]
["钩秤","威衡","台",3,{"v":50,"d":"50.00"},{"v":150,"d":"150.00"}]
["电吹风","康夫KF-3110","台",4,{"v":65,"d":"65.00"},{"v":260,"d":"260.00"}]
["电磁炉","美的简易","台",3,{"v":199,"d":"199.00"},{"v":597,"d":"597.00"}]
["电烧水壶","精顺","个",1,{"v":63,"d":"63.00"},{"v":63,"d":"63.00"}]
["分类垃圾桶","60L","个",3,{"v":60,"d":"60.00"},{"v":180,"d":"180.00"}]
["钢丝球","大好大","个",6,{"v":1,"d":"1.00"},{"v":6,"d":"6.00"}]
["挂锁","梅宝仿铜（中）","把",36,{"v":6,"d":"6.00"},{"v":216,"d":"216.00"}]
["挂锁","梅宝仿铜（大）","把",2,{"v":12,"d":"12.00"},{"v":24,"d":"24.00"}]
["剪刀","小  日美","把",10,{"v":6,"d":"6.00"},{"v":60,"d":"60.00"}]
["剪刀","大  日美","把",49,{"v":7,"d":"7.00"},{"v":343,"d":"343.00"}]
["洁厕精","植秀500g","瓶",3,{"v":3,"d":"3.00"},{"v":9,"d":"9.00"}]
["垃圾桶","80L","个",1,{"v":88,"d":"88.00"},{"v":88,"d":"88.00"}]
["凉席","0.9米加厚","床",35,{"v":30,"d":"30.00"},{"v":1050,"d":"1,050.00"}]
["落地扇","美的","台",3,{"v":180,"d":"180.00"},{"v":540,"d":"540.00"}]
["毛巾","洁丽雅","条",6,{"v":10,"d":"10.00"},{"v":60,"d":"60.00"}]
["毛巾","金灿1072","条",34,{"v":5,"d":"5.00"},{"v":170,"d":"170.00"}]
["门帘","简易纱帘","个",1,{"v":30,"d":"30.00"},{"v":30,"d":"30.00"}]
["抹布","小30*30cm","条",21,{"v":5,"d":"5.00"},{"v":105,"d":"105.00"}]
["沐浴露","力士","瓶",18,{"v":25,"d":"25.00"},{"v":450,"d":"450.00"}]
["飘逸杯","大","个",3,{"v":49,"d":"49.00"},{"$f":"D70*E70","v":{"v":147,"d":"147.00"}}]
["取杯器","塑料（双杯）","个",9,{"v":35,"d":"35.00"},{"v":315,"d":"315.00"}]
["热水瓶","5磅","个",44,{"v":25,"d":"25.00"},{"v":1100,"d":"1,100.00"}]
["热水瓶","不锈钢","个",52,{"v":35,"d":"35.00"},{"v":1820,"d":"1,820.00"}]
["热水瓶胆","5磅","个",6,{"v":13,"d":"13.00"},{"v":78,"d":"78.00"}]
["热水瓶胆","咖啡壶","个",5,{"v":15,"d":"15.00"},{"v":75,"d":"75.00"}]
["热水瓶塞","5磅","个",41,{"v":2,"d":"2.00"},{"v":82,"d":"82.00"}]
["杀虫剂","金鹿750ml","瓶",10,{"v":20,"d":"20.00"},{"v":200,"d":"200.00"}]
["塑料挂兰","28cm*15cm*13cm","个",10,{"v":10,"d":"10.00"},{"v":100,"d":"100.00"}]
["塑料蓝子","小","个",26,{"v":4,"d":"4.00"},{"v":104,"d":"104.00"}]
["塑料蓝子","中","个",48,{"v":6,"d":"6.00"},{"v":288,"d":"288.00"}]
["塑料蓝子","大","个",36,{"v":8,"d":"8.00"},{"v":288,"d":"288.00"}]
["塑料扫把","套","套",5,{"v":20,"d":"20.00"},{"v":100,"d":"100.00"}]
["塑料扫把","单把","把",7,{"v":8,"d":"8.00"},{"v":56,"d":"56.00"}]
["塑料桶","60L永耀","个",1,{"v":45,"d":"45.00"},{"v":45,"d":"45.00"}]
["塑料桶","80L永耀","个",1,{"v":55,"d":"55.00"},{"v":55,"d":"55.00"}]
["塑料桶","100L永耀","个",1,{"v":65,"d":"65.00"},{"v":65,"d":"65.00"}]
["塑料桶","中","个",1,{"v":8,"d":"8.00"},{"v":8,"d":"8.00"}]
["塑料纸蒌","英财937","个",13,{"v":5,"d":"5.00"},{"v":65,"d":"65.00"}]
["拖把","海绵拖","把",23,{"v":25,"d":"25.00"},{"v":575,"d":"575.00"}]
["拖把","布","把",4,{"v":7,"d":"7.00"},{"v":28,"d":"28.00"}]
["微波炉","美的ML-L2138","台",2,{"v":330,"d":"330.00"},{"v":660,"d":"660.00"}]
["温湿度计","得力","个",12,{"v":25,"d":"25.00"},{"v":300,"d":"300.00"}]
["蚊香液","金鹿42mlc101","瓶",30,{"v":9,"d":"9.00"},{"v":270,"d":"270.00"}]
["蚊香液套","金鹿","套",19,{"v":18,"d":"18.00"},{"v":342,"d":"342.00"}]
["洗发水","海飞丝","瓶",14,{"v":58,"d":"58.00"},{"v":812,"d":"812.00"}]
["洗手液","花香500ml","瓶",480,{"v":5,"d":"5.00"},{"$f":"D96*E96","v":{"v":2400,"d":"2,400.00"}}]
["洗衣粉","汰渍5089","包",96,{"v":4,"d":"4.00"},{"v":384,"d":"384.00"}]
["香晶球","家鑫 5个/袋  143","袋",10,{"v":8,"d":"8.00"},{"v":80,"d":"80.00"}]
["小方巾","30cm*30cm","条",1500,{"v":1,"d":"1.00"},{"v":1500,"d":"1,500.00"}]
["小方巾","厚30cm*30cm","条",200,{"v":1.9,"d":"1.90"},{"v":380,"d":"380.00"}]
["牙膏","舒适达","支",35,{"v":25,"d":"25.00"},{"v":875,"d":"875.00"}]
["牙具","一次性","套",300,{"v":1,"d":"1.00"},{"v":300,"d":"300.00"}]
["遥控器","万能","个",3,{"v":25,"d":"25.00"},{"v":75,"d":"75.00"}]
["一次性口杯","塑料（绿怡） 30个/包","包",3920,{"v":1.8,"d":"1.80"},{"v":7056,"d":"7,056.00"}]
["一次性围裙","加厚70cm*120cm","个",1000,0.52,{"v":520,"d":"520.00"}]
["一次性鞋套","塑料","个",10,{"v":5,"d":"5.00"},{"v":50,"d":"50.00"}]
["衣勾","不锈钢挂勾8勾","个",35,{"v":8,"d":"8.00"},{"v":280,"d":"280.00"}]
["应急灯","小","个",9,{"v":48,"d":"48.00"},{"v":432,"d":"432.00"}]
["扎带","常规","包",400,{"v":8,"d":"8.00"},{"v":3200,"d":"3,200.00"}]
["枕心","40cm*70cm","个",23,{"v":25,"d":"25.00"},{"v":575,"d":"575.00"}]
["指甲剪","大","个",48,{"v":5,"d":"5.00"},{"v":240,"d":"240.00"}]
["子母被","1.5米","床",4,{"v":220,"d":"220.00"},{"v":880,"d":"880.00"}]
["子母被","2.0米","床",6,{"v":260,"d":"260.00"},{"v":1560,"d":"1,560.00"}]
["足浴袋","80个/包","包",70,{"v":10,"d":"10.00"},{"v":700,"d":"700.00"}]
["玻璃杯","青苹果150ML","个",1,{"v":8,"d":"8.00"},{"v":8,"d":"8.00"}]
["不锈钢脸盆","直径30cm","个",1,{"v":13,"d":"13.00"},{"v":13,"d":"13.00"}]
["不锈钢量杯","1000L","个",1,{"v":28,"d":"28.00"},{"v":28,"d":"28.00"}]
["不锈钢盘","30*40","个",2,{"v":16,"d":"16.00"},{"v":32,"d":"32.00"}]
["不锈钢收纳蓝","10*10*5","个",3,{"v":93.5,"d":"93.50"},{"v":280.5,"d":"280.50"}]
["草纸","1捆/100张/14cm*20cm","梱",1,{"v":38,"d":"38.00"},{"v":38,"d":"38.00"}]
["床底收纳箱","特大","个",8,{"v":45.8,"d":"45.80"},{"v":366.4,"d":"366.40"}]
["床垫","1.2米","床",1,{"v":90,"d":"90.00"},{"v":90,"d":"90.00"}]
["垫被","1.5m*2m","床",17,{"v":120,"d":"120.00"},{"v":2040,"d":"2,040.00"}]
["过滤网","34CM","个",2,{"v":25,"d":"25.00"},{"v":50,"d":"50.00"}]
["海绵头","30cm","个",1,{"v":10,"d":"10.00"},{"v":10,"d":"10.00"}]
["恒温烧水壶","小熊","个",1,{"v":329,"d":"329.00"},{"v":329,"d":"329.00"}]
["价码纸","21mm*12mm/张","卷",20,{"v":1.5,"d":"1.50"},{"v":30,"d":"30.00"}]
["胶带","反光膜警示","卷",1,{"v":13,"d":"13.00"},{"v":13,"d":"13.00"}]
["军大衣","黑色劳保用品","件",6,{"v":165,"d":"165.00"},{"v":990,"d":"990.00"}]
["门帘","简易纱帘","个",1,{"v":30,"d":"30.00"},{"v":30,"d":"30.00"}]
["擦手纸","100张/包","包",20,{"v":6,"d":"6.00"},{"v":120,"d":"120.00"}]
["撬棍","1.5米","根",1,{"v":48,"d":"48.00"},{"v":48,"d":"48.00"}]
["沙袋","20cm*35cm","个",10,{"v":3.5,"d":"3.50"},{"v":35,"d":"35.00"}]
["纱手套","中厚款","双",12,{"v":1,"d":"1.00"},{"v":12,"d":"12.00"}]
["湿纸巾","80抽心相印","包",1,{"v":18,"d":"18.00"},{"v":18,"d":"18.00"}]
["疏通器","加粗","根",2,{"v":12,"d":"12.00"},{"v":24,"d":"24.00"}]
["锡箔纸","30*15茶花","个",14,{"v":12,"d":"12.00"},{"v":168,"d":"168.00"}]
["雨鞋","回力","双",6,{"v":35,"d":"35.00"},{"v":210,"d":"210.00"}]
["浴巾","干发","条",9,{"v":28,"d":"28.00"},{"v":252,"d":"252.00"}]
["折叠梯","三层","个",3,{"v":99,"d":"99.00"},{"v":297,"d":"297.00"}]
[{"$nulls":4},"合计",{"v":150269.2,"d":"150,269.20"}]